000 00849cam a22002777a 4500
005 20220329141150.0
008 971010s1988 r 00010 d
010 _a63717
011 _a64689
035 _a70703
082 _a664.92
_bC7
100 0 0 _aCross, H. Rusell.
_929189
245 0 _aMeat science, milk science and technology
260 _aAmsterdam :
_bElsevier,
_c1988
300 _a458 p
490 0 _aWorld animal science
_v; 83
590 _aBATCH-UPD
_b10
_c20130110
_lUCH01
_h0420
590 _aBATCH-UPD
_b10
_c20130110
_lUCH01
_h2235
590 _aCONVERSION
_b10
_c20130109
_lUCH01
_h1334
650 1 4 _aCarne.
_919053
650 1 4 _aIndustria lechera.
_957819
700 0 _aOverby, Akes Jul.
_984390
830 0 _aWorld animal science
_v; 83
_9122687
901 _aBK
949 _a664.92 C7
_bIA
_cLIBRO
_d-3086
_eLIBRO
_h3427
_i70703
_si
999 _c63717
_d63717